02595cam a22003614i 4500003000900000005001700009008004100026020001500067035002700082040003300109082002300142245010300165264004800268300003800316336002100354337002500375338002300400504002800423505162300451526001002074526001002084526001002094526001002104526000802114526000802122526000802130526000802138526000802146526000802154526000802162650004102170700002202211PE-LiUPU20250731173138.0150623s r 000 0 d a0891075860 a(Sirsi) i9780891075868 aPE-LiUPUbspacPE-LiUPUerda04a261.834 3bR7122100aRecovering biblical manhood and womanhood :ba response to evangelical feminism /cJohn Piper, ed. 1aWheaton, Illinois :bCrossway Books,c1991. a566 páginas ;c22 centímetros atext2rdacontent aunmediated2rdamedia avolume2rdacarrier aIncluye bibliografía.0 aVision and overview: A vision of biblical complementarity: manhood and womanhood defined according to the Bible. An overview of central concerns: questions and answers. Exegetical and theological studies: male-female equality and male headship: genesis 1-3. Women in the life and teachings of Jesus. Head coverings, prophecies and the trinity: 1 Corinthians 11:2-16. "Silent in the churches": on the role of women in 1 Corinthians 14:33b-36. Role distinctions in the Church: Galatians 3:28. Husbands and wives as analogues of Christ and the Church: Ephesians 5:21-33 and Colossians 3:18-19. What does it mean not to teach or have authority over men?: 1 Timothy 2:11-15. Wives like sarah, and the husbands who honor them: 1 Peter 3:1-7. The valuable ministries of women in the context of male leadership: a survey of Old and New Testament examples and teaching. Men and women in the image of God.The church as family: why male leadership. The meaning of authority in the local Church. Studies from related disciplines: Church history. Biology. Psychology. Sociology. Law. Applications and implications: The family and the Church: how should biblical manhood and womanhood work out in practice?. Principles to use in establishing women in ministry. The high calling of wife and mother in biblical perspective. Where's dad? a call for fathers with the spirit of Elijah. Women in society: the challenge and the call. The essence of femininity: a personal perspective. Charity, clarity, and hope: the controversy and the cause of Christ. The meaning of kephale ("head"): a response to recent studies. The danvers statement. aSEG42 aSEG41 aSEG40 aSEG39 aP94 aP87 aP86 aP85 aP77 aP76 aP3504aRoles sexualesxAspectos religiosos.1 aPiper, John,eed.